Longest place name in the world - Statistics

General Stats
  • This quiz has been taken 64 times
  • The average score is 34 of 85
Answer Stats
Answer % Correct
T
100%
A
94%
U
88%
A
82%
M
82%
A
71%
T
71%
W
71%
A
59%
A
59%
H
59%
K
59%
A
53%
A
53%
A
53%
G
53%
G
53%
H
53%
I
53%
K
53%
N
53%
N
53%
T
53%
A
47%
A
47%
A
47%
A
47%
A
47%
E
47%
M
47%
O
47%
O
47%
T
47%
T
47%
T
47%
U
47%
U
47%
A
35%
A
35%
I
35%
K
35%
K
35%
P
35%
R
35%
U
35%
U
35%
A
29%
G
29%
I
29%
I
29%
K
29%
M
29%
N
29%
P
29%
U
29%
A
24%
A
24%
A
24%
A
24%
A
24%
A
24%
E
24%
H
24%
H
24%
H
24%
I
24%
I
24%
K
24%
K
24%
K
24%
N
24%
N
24%
N
24%
O
24%
O
24%
O
24%
P
24%
R
24%
T
24%
T
24%
U
24%
U
24%
U
24%
U
24%
W
24%
No matching quizzes found
Score Distribution
Percent of People with Each Score
Percentile by Number Answered
Your Score History
You have not taken this quiz